Problems of economic management on the government. (Record no. 13946)
[ view plain ]
| 000 -LEADER | |
|---|---|
| fixed length control field | 00232nam a22000977a 4500 |
| 082 ## - DEWEY DECIMAL CLASSIFICATION NUMBER | |
| Classification number | 338.9724PRO. |
| 245 ## - TITLE STATEMENT | |
| Title | Problems of economic management on the government. |
| 260 ## - PUBLICATION, DISTRIBUTION, ETC. | |
| Name of publisher, distributor, etc. | Budapest. |
| Date of publication, distribution, etc. | 1968. |
| 300 ## - PHYSICAL DESCRIPTION | |
| Extent | 237p. |
| Other physical details | 23cm. |
| 942 ## - ADDED ENTRY ELEMENTS (KOHA) | |
| Koha item type | Books |
| Withdrawn status | Lost status | Source of classification or shelving scheme | Damaged status | Not for loan | Home library | Current library | Shelving location | Date acquired | Full call number | Barcode | Date last seen | Price effective from | Koha item type |
|---|---|---|---|---|---|---|---|---|---|---|---|---|---|
| Dewey Decimal Classification | IFM Main Campus Library | IFM Main Campus Library | 11/13/2015 | 338.9724PRO. | 0000015715 | 11/13/2015 | 11/13/2015 | Books |
